000 00695cam a22002293a 4500
001 19212
003 PGUSA
005 20140828083416.0
008 060908s2006||||xxu|||||s|||||000 | eng d
040 _aPGUSA
_beng
042 _adc
050 4 _aDA
100 1 _aHume, David,
_d1711-1776
245 1 4 _aThe History of England in Three Volumes, Vol.I., Part B. :
_bFrom Henry III. to Richard III.
_h[electronic resource] /
_cDavid Hume
260 _bProject Gutenberg,
_c2006
506 _aPublic domain in the USA.
516 _aElectronic text
653 _aGreat Britain -- History
830 0 _aProject Gutenberg
_v19212
856 4 0 _uhttp://www.gutenberg.org/ebooks/19212
942 _cEB
999 _c248467
_d248467